[Event "new tournI_| Ludus Murriament description"]
[Site "Auditorium San Francesco, Borgo Marconi, Italy"]
[Date "2025.08.10"]
[Round "5.1"]
[White "Cecere, Enrico"]
[Black "Medorini, Massimiliano"]
[Result "1-0"]
[WhiteElo "2001"]
[BlackElo "1894"]
[PlyCount "61"]
[EventDate "2025.??.??"]

1. d4 e6 2. Nf3 Nf6 3. c4 b6 4. g3 Bb7 5. Bg2 Bb4+ 6. Bd2 Qe7 7. a3 Bxd2+ 8. Nbxd2 O-O 9. O-O d6 10. Qc2 Nbd7 11. b4 c5 12. bxc5 dxc5 13. e3 cxd4 14. exd4 Rac8 15. Qa4 a6 16. Rfe1 Qd6 17. Qb4 Qc7 18. Rac1 Rfd8 19. Qb3 a5 20. Qe3 Ba6 21. Bh3 Qd6 22. g4 Rc7 23. g5 Nh5 24. Bg4 g6 25. Bxh5 gxh5 26. Ne4 Qe7 27. Ne5 Kh8 28. Qf4 Nf8 29. Nf6 Ng6 30. Qf3 Rxd4 31. Qxh5 1-0